000 00474nam a2200181Ia 4500
001 13293
005 20260306164750.0
008 260306t2009||||xx |||||||||||||| ||spa||
041 _aESP
082 _a001.42
_bM19
100 _aMaletta, Héctor
_eAUT
245 0 _aEpistemología aplicada:
_bmetodología y técnica de la producción científica
260 _c2009
300 _a419 páginas :
_c24 cm.
650 _aGEN
654 _aCHU
942 _cLIB
_dJUS
_fJUS
_2ddc
_n
999 _c13293
_d13293